| 000 -LEADER |
| fixed length control field |
00450nam a22001697a 4500 |
| 008 - FIXED-LENGTH DATA ELEMENTS--GENERAL INFORMATION |
| fixed length control field |
241226b 2001 ||||| |||| 00| 0 eng d |
| 020 ## - INTERNATIONAL STANDARD BOOK NUMBER |
| International Standard Book Number |
9780553802023 |
| 082 ## - DEWEY DECIMAL CLASSIFICATION NUMBER |
| Classification number |
530.12 |
| Item number |
HAW |
| 100 ## - MAIN ENTRY--PERSONAL NAME |
| Personal name |
Hawking, Stephen |
| 245 ## - TITLE STATEMENT |
| Title |
The universe in a nutshell |
| 260 ## - PUBLICATION, DISTRIBUTION, ETC. (IMPRINT) |
| Place of publication, distribution, etc |
New York |
| Name of publisher, distributor, etc |
Bantam |
| Date of publication, distribution, etc |
2001 |
| 300 ## - PHYSICAL DESCRIPTION |
| Extent |
viii,216p. |
| 650 ## - SUBJECT ADDED ENTRY--TOPICAL TERM |
| Topical term or geographic name as entry element |
A brief history of relativity |
| 650 ## - SUBJECT ADDED ENTRY--TOPICAL TERM |
| Topical term or geographic name as entry element |
The shape of time |
| 650 ## - SUBJECT ADDED ENTRY--TOPICAL TERM |
| Topical term or geographic name as entry element |
Predicting the future |
| 942 ## - ADDED ENTRY ELEMENTS (KOHA) |
| Item type |
Books |